Регионална библиотека "Любен Каравелов" - Русе

Атлас изправи рамене: Ч.2 (Запис номер 88315)

MARC детайли
000 -Лидер
Контролно поле с фиксирана дължина 01606nam a2200409 c 4500
003 - Код на организацията, давaща контролен номер
Контролно поле BLK
005 - Дата и час на последна редакция
Контролно поле 20250801135610.0
008 - Елементи от данни с фиксирана дължина
fixed length control field 180408b bul|||||r ||||||| ||bul||
010 ## - Наследен системен номер
LC control number KNG00092977000
020 ## - Международен стандартен номер на книга ISBN
Международен стандартен номер на книга ISBN 978-954-91541-14-9
020 ## - Международен стандартен номер на книга ISBN
Международен стандартен номер на книга ISBN 978-954-321-621-5
040 ## - Източник на каталожния запис
Идентификатор на билиотеката - собственик на записа BLK
041 ## - Код за език
Код за езика на текст/звукозапис или на отделно заглавие Български
Код за езика КДБФ Български
080 ## - УДК
Текстов определител УДК Американска литература (на САЩ)
УДК код - определител по УДК 821.111(73)
УДК определител -31
УДК - код + определител 821.111(73)-31
100 1# - Редна дума - Автор
Автор Ранд, Айн
Авторска отговорност първи автор
Автор - информация (биография) Розенбаум, Алиса Зиновиевна
R(LIN) 263604
139 ## - Редно поле
Редна дума Ранд, Айн
Авторски знак Ранг - Р 35
245 10 - Сведения за заглавието
Заглавие Атлас изправи рамене: Ч.2
Подзаглавни данни Ч. 1 -
Редно поле (дума) Айн Ранд; прев. от англ. Петьо Ангелов.
Том Ч. 2
Заглавие на том Дали-или
257 ## - Страна на издаване
Страна на създаване/издаване Съединени американски щати
260 ## - Област на издателските данни
Година на издаване 2009
300 ## - Физическа характеристика
Размери/Мащаб 22 см
380 ## - Жанр
Жанр Худож. лит.
490 1# - СЕРИИ (Колекции)
Име на серия Колекция Айн Ранд
500 ## - Общи забележки
Забележка Истинското име на авт. е Алиса Розунбаум. - Прев. е направен по Atlas Shrugged / Ayn Rand. - Офс. изд.
653 ## - Ключова дума – ненормативна
Ключова дума романи
700 1# - Други автори (авторска отговорност)
Лично име Ангелов, Петьо
Автороска отговорност (Описва отношението между автора и произведението) прев. от англ.
9 (RLIN) 296141
760 1# - Описание на основната серия
Редна дума на основното описание Ранд, Айн
Място на издаване, издател и година МаК, Изток-Запад, 2009
Страници - том 480 с.
Забележка - том Загл. на тома отпеч. на с. 7.
Заглавие Ч. 2 Дали-или
852 ## - Местоположение
Форматна сигнатура Цб 246220
852 ## - Местоположение
Фондова буква Заемна - подръчен фонд
Систематично-азбучна сигнатура П 820(73)-31/Р 35
856 4# - Електронен адрес и достъп
Електронен формат pdf - файл
856 4# - Електронен адрес и достъп
Електронен формат pdf - файл
999 ## - СИСТЕМНИ КОНТРОЛНИ НОМЕРА
Koha biblionumber 88315
Koha biblioitemnumber 88315
942 ## - АРТИКУЛИ
Вид на библиотечния материал Книги
Скрит в OPAC Не
Koha issues (borrowed), all copies 45
Периодичен библиозапис Да
944 ## - СЪЗДАВАНЕ И РЕДАКЦИЯ на ЗАПИСА
Създаване/Редакция Създаване
Дата на регистрацията/редакция 10.12.2009
Статус, дата на статуса Цветелина Шанова
Служител, извършил регистрацията/редакцията 30531
944 ## - СЪЗДАВАНЕ И РЕДАКЦИЯ на ЗАПИСА
Създаване/Редакция Редакция
Дата на регистрацията/редакция 03.08.2011
Статус, дата на статуса ф /
999 ## - СИСТЕМНИ КОНТРОЛНИ НОМЕРА
Koha biblioitemnumber 88315
999 ## - СИСТЕМНИ КОНТРОЛНИ НОМЕРА
Koha biblioitemnumber 88315
999 ## - СИСТЕМНИ КОНТРОЛНИ НОМЕРА
Koha biblioitemnumber 88315
Наличности
Код за отписване Код за изгубен артикул Източник на класификационната схема Код за повреда Коз за рестрикции Код за отдаване Артикулен № Име на библиотеката - собственик Име на библиотеката, в която се намира в момента Статус (Текущо местоположение) Дата на вписване в системата Местоположение - отдел Цена в лева Инвентарен номер Систематично азбучна сигнатура Баркод Номер на екземпляра Цена в евро Служебна бележка Служебен тип на артикула
Изтеглен Не е изгубен Universal Decimal Classification Повреден без рестрикции заемане за дома 143143 Регионална библиотека "Любен Каравелов" Русе Регионална библиотека "Любен Каравелов" Русе Заемна - подръчен фонд 2009-12-10 Заемна - подръчен фонд 20.00 120000740295 П 820(73)-31/Р 35 120000740295 1 10.23 Дост: Pk Вид: Ф N: 62 Дата: 09.12.2009 Дата инв: 13.02.2018 Бележки инв: П2018 Книги
  Не е изгубен   Не е повреден без рестрикции ползва се в читалня 143144 Регионална библиотека "Любен Каравелов" Русе Регионална библиотека "Любен Каравелов" Русе Хранилище 2011-03-23 Хранилище 20.00 120000749940 Цб 246220 120000749940 2 10.23 Дост: Dp Вид: Д N: 28 Дата: 14.07.2010 Книги
Изтеглен Не е изгубен   Не е повреден без рестрикции заемане за дома 143145 Регионална библиотека "Любен Каравелов" Русе Регионална библиотека "Любен Каравелов" Русе Заемна - подръчен фонд 2011-04-26 Заемна - подръчен фонд 20.00 120000750543 П 820(73)-31/Р 35 120000750543 3 10.23 Дост: Pk Вид: Ф N: 147 Дата: 26.04.2011 Дата инв: 13.02.2018 Бележки инв: П2018 Книги
  Не е изгубен Universal Decimal Classification Не е повреден   заемане за дома 753522 Регионална библиотека "Любен Каравелов" Русе Регионална библиотека "Любен Каравелов" Русе Заемна - подръчен фонд 2020-01-13 Заемна - подръчен фонд 15.00   П 820(73)-31/Р 35 120000840649   7.67   Книги
  Не е изгубен Universal Decimal Classification Не е повреден   заемане за дома 753523 Регионална библиотека "Любен Каравелов" Русе Регионална библиотека "Любен Каравелов" Русе Заемна - подръчен фонд 2020-01-13 Заемна - подръчен фонд 15.00   П 820(73)-31/Р 35 120000840651   7.67   Книги
  Не е изгубен Universal Decimal Classification Не е повреден   заемане за дома 753524 Регионална библиотека "Любен Каравелов" Русе Регионална библиотека "Любен Каравелов" Русе Заемна - подръчен фонд 2020-01-13 Заемна - подръчен фонд 15.00   П 820(73)-31/Р 35 120000840650   7.67   Книги
Vip Innovations Ltd, Rousse, Bulgaria 2025